000 00507 a2200157 4500
005 20250318053932.0
020 _a1-55111-261-2
082 _a382.1 BRO
100 _aBROWN, W. B.
245 _aInternational Economics: In the Age of Globalization
260 _aNew York,
_bBroadview press,
_c2000.
300 _a792p.: ill.; figure, graph, table.
_bBibliographical references, index.
_c23cm.
700 _aHOGENDORN, J. S.
856 _yAccess online book
_fEconomics
_dwww.broadviewpress.com
942 _2ddc
_cBKS
999 _c838
_d838